| 000 | 00617nam a2200193 a 4500 | ||
|---|---|---|---|
| 005 | 20240925064222.0 | ||
| 008 | 991125s1987 es 000 0 spa u | ||
| 020 | _a8471123134 | ||
| 035 | _aUPN01000041078 | ||
| 049 | _aCG | ||
| 050 | 4 |
_aLB1115 _bN58 |
|
| 245 | 0 | 3 |
_aEl niño : _bsu saber y su saber hacer / _ced. Pierre Oléron ; tr. Guillermo Solana. |
| 260 |
_aMadrid : _bMinisterio de Educación y Ciencia, _bMorata, _c1987. |
||
| 300 |
_a311 p. : _bil. |
||
| 440 | 0 |
_aPedagogía. _pEducación infantil y primaria |
|
| 650 | 4 |
_aNiño, Estudio del _9221 |
|
| 700 | 1 |
_aOléron, Pierre, _eed. _929772 |
|
| 905 | _aLibro | ||
| 999 |
_c41078 _d41078 |
||